Quizzes
Events
Quiz Creation
Community
Videos
Private Events
Remove Ads
Sign In
Join for FREE
Feedback
Dark Mode
Quiz Categories
Sports
Geography
Music
Movies
Television
Just For Fun
Miscellaneous
History
Literature
Language
Science
Gaming
Entertainment
Religion
Holiday
For Kids
Quiz Lab
Recent
Popular Today
Quiz Kudos Today
Editor Picks
Curator Picks
Quizzes by...
Day
Popularity
Type
Ratings
Length
Year
Community
Subscriptions
Recent Discussions
Orange Saloon
Badges
Playlists
Quests
Create
Leaderboards
Showdown
Live 5
Trivia Bingo
Activity
Puzzle Library
Sporcle Events
Private Events
Virtual Trivia
Globe League
Become a Host
Pub Owners
SporcleCon
Opinionation
Our Games
Videos
Blog
Mobile Apps
Partnerships
Remove Ads and Go Orange
Feedback
Sports
Athletes
MLB
NBA
NHL
NFL
Soccer
Sports Teams
WWE
NCAA
Football
Premier League
Basketball
Baseball
Hockey
Golf
Tennis
Cricket
Rugby
Auto Racing
Olympics
World Cup
Sports
Athletes
MLB
NBA
NHL
NFL
Soccer
Sports Teams
WWE
NCAA
Football
Premier League
Basketball
Baseball
Hockey
Golf
Tennis
Cricket
Rugby
Auto Racing
Olympics
World Cup
Random Quiz
Search Sporcle
×
Quiz Lab
Quiz Lab
Sports
Playoff
Type in answers that appear in a list
Type in answers that appear in a list
Classic
Best Score? Go Orange.
Big 4 Playoff Teams 2007 Stats
Can you name the big 4 playoff teams 2007?
By
RollTribeAC
6m
52 Questions
60 Plays
60 Plays
60 Plays
Comments
Comments
Give Quiz Kudos
Give Quiz Kudos
-
- Ratings
hide this ad
More Info
Forced Order
Answers have to be entered in order
Answers have to be entered in order
Replay
Link that replays current quiz
Next Quiz
Link to next quiz in quiz playlist
You Got
0%
They Got
Avg Score
50%
Avg Friend Score
Upgrade to see
Score Distribution
Jump to the score distribution portion of the page
Score
0/52
Timer
06:00
0
Plays Today
League
Team
% Correct
MLB
Philadelphia Phillies
75%
MLB
Chicago Cubs
75%
MLB
Boston Red Sox
73.3%
MLB
Arizona Diamondbacks
71.7%
MLB
Colorado Rockies
71.7%
MLB
New York Yankees
71.7%
MLB
Los Angeles Angels
70%
NFL
Chicago Bears
68.3%
MLB
Cleveland Indians
66.7%
NFL
Seattle Seahawks
63.3%
NFL
Philadelphia Eagles
61.7%
NFL
New Orleans Saints
60%
NFL
Baltimore Ravens
60%
NFL
Indianapolis Colts
60%
NFL
Kansas City Chiefs
60%
NFL
San Diego Chargers
58.3%
NFL
New England Patriots
58.3%
NFL
Dallas Cowboys
56.7%
NFL
New York Giants
56.7%
NBA
Detroit Pistons
56.7%
NFL
New York Jets
55%
NBA
Cleveland Cavaliers
55%
NBA
Dallas Mavericks
55%
NBA
San Antonio Spurs
53.3%
NBA
Miami Heat
51.7%
NBA
Los Angeles Lakers
50%
League
Team
% Correct
NBA
Phoenix Suns
48.3%
NBA
Utah Jazz
46.7%
NBA
Golden State Warriors
46.7%
NBA
Houston Rockets
45%
NBA
New Jersey Nets
43.3%
NBA
Toronto Raptors
41.7%
NBA
Chicago Bulls
41.7%
NBA
Orlando Magic
41.7%
NBA
Denver Nuggets
41.7%
NHL
New Jersey Devils
40%
NHL
Anaheim Ducks
40%
NBA
Washington Wizards
38.3%
NHL
Pittsburgh Penguins
38.3%
NHL
Detroit Red Wings
38.3%
NHL
Buffalo Sabres
36.7%
NHL
Ottawa Senators
36.7%
NHL
New York Rangers
36.7%
NHL
New York Islanders
36.7%
NHL
San Jose Sharks
36.7%
NHL
Dallas Stars
35%
NHL
Tampa Bay Lightning
33.3%
NHL
Atlanta Thrashers
31.7%
NHL
Vancouver Canucks
30%
NHL
Calgary Flames
30%
NHL
Nashville Predators
28.3%
NHL
Minnesota Wild
28.3%
Quiz Playlist
Details
Report
Send in Message
Add To Playlist
More Info:
MLB 2007 NFL 2006 NBA 2006-07 NHL 2006-07
Classic:
Type in answers that appear in a list
Forced Order:
Answers have to be entered in order
Last Updated: Feb 16, 2017
Quiz Scoreboard
CHALLENGE
Sign Up to Join the Scoreboard
Show All
Scores
Hide
Comments
May contain spoilers
Recently Published
Presidents Visiting Landmarks
by Hejman
History
7m
An Introduction to Baseball
by treessimontrees
Sports
5m
Movies - When Are They Set?
by FPL_Elf
Movies
5m
More to Explore
Quiz From the Vault
Featured Blog Post
Where Did the Easter Bunny Come From?
hide this ad
You Might Also Like...
Tags
2007
League
Playoff
Seed
team
Today's Top Quizzes in Sports
Browse Sports
hide this ad
Today's Top Quizzes in Playoff
Browse Playoff
Top Contributed Quizzes in Sports
1
Les meilleurs buteurs des matchs entre le PSG et l’OM
2
2022 World Cup Stars
3
FIFA Club World Cup Champions
4
Les entraîneurs de l'OM et du PSG au 21e siècle
5
Name the Premier League winners with different clubs
6
5-to-1: UK Sports Teams
7
La finale Lions - Afrique du Sud 2021
8
Criteria MLB: Left Handed Sluggers
9
AFC Teams Reveal (Wrong Answers Minefield)
10
England Test cricketers to play under Nasser Hussain
Explore More
Trending Topics
Anime
Harry Potter
Marvel
Kpop
Crossword
Disney
NBA
Puzzle
Soccer
WWE
Song
Country
The Office
Pokémon
NFL
hide this ad
More By:
RollTribeAC
Quiz
Plays
Rating
Category
Featured
Created
Last 16 Sweet 16s
113,287
4.58
Sports
Mar 24, 2014
.333 Batting Average, 33 Homers
55,578
4.70
Sports
May 28, 2014
MLB HR Leaders Containing Each Letter
48,278
4.66
Sports
Aug 8, 2012
1000 Win MLB Teams Since 2000
42,399
3.00
Sports
Apr 23, 2012
BCS Bowl Logic Quiz
10,470
3.52
Sports
Jan 4, 2013
Go to Creator's Profile
Score Distribution
Quiz Creator Spotlight
RollTribeAC
Follow
Send a Message
Quizzes Created
-
Created Quiz Play Count
-
More By This Creator
Popular Quizzes Today
1
Find the US States - No Outlines Minefield
2
Find the Countries of Europe - No Outlines Minefield
3
The Countries of the World
4
Find the US States
5
Popular People in 1961
6
US States
7
Risky Map Clicking: Biggest States A-Z
8
Movies - When Are They Set?
More Sports Quizzes
MLB: Top 'B' Players by Top Seasons
Quiz Lab
Trending Quizzes
Risky Map Clicking: Least Populous States A-Z
1-10 Letter G Words
1-10 Letter F Words
Risky Map Clicking: Next State Alphabetically
Risky Map Clicking: Biggest States A-Z
Recently Updated
Leaping Animals
pecheneg
Reality TV Shows (A-Z)
bhenderson79
Rickey Henderson's Hall of Fame Teammates
pecheneg
Champions League XIs: Arsenal
pecheneg
Quick Pick: Celebrities in WWE's Hall of Fame
aduchscher
A-Z Keypad Blitz II
pecheneg
Multiple Oscar Actors
pecheneg
Mystery Phrase Blitz: Oscar 'Best Actors'
pecheneg
F. Scott Fitzgerald Novels
LTH
Pick 3 Villains
ddd62291
Trending Topics
Disney
Anime
NBA
Marvel
Crossword
Harry Potter
Kpop
WWE
Song
Country
The Office
Soccer
Puzzle
NFL
Pokémon
Your Account Isn't Verified!
In order to create a playlist on Sporcle, you need to verify the email address you used during registration. Go to your
Sporcle Settings
to finish the process.
Report this User
Report this user for behavior that violates our
Community Guidelines
.
Details:
Send Report
Go to the Sporcle.com Mobile Site →
Comments